[Event "II Trofeo Giorgio Porreca"]
[Site "Napoli ITA"]
[Date "2012.10.10"]
[Round "4"]
[White "Accardo, Francesco"]
[Black "Auletta, Angelo"]
[WhiteElo "1844"]
[BlackElo "2190"]
[Result "0-1"]
[PlyCount "64"]
[EventDate "2012.09.20"]

1. e4 c5 2. Nc3 Nc6 3. Bc4 e6 4. f4 a6 5. a4 g6 6. Nf3 Bg7 7. f5 Nge7 8. O-O d5
9. fxe6 dxc4 10. exf7+ Kf8 11. d3 cxd3 12. cxd3 Nd4 13. Bg5 Be6 14. Nh4 Qd7 15.
a5 Bxf7 16. e5 Nef5 17. Qg4 h5 18. Qh3 Bxe5 19. Rae1 Qc7 20. Ne4 Kg7 21. Nf3
Nxf3+ 22. Rxf3 Be6 23. Rff1 Rae8 24. Qf3 Rhf8 25. Qd1 Bxh2+ 26. Kh1 Be5 27. Rf3
Bd5 28. Rh3 Bxe4 29. dxe4 Ng3+ 30. Kg1 Bd4+ 31. Kh2 Nxe4+ 32. g3 Nxg5 0-1

[Event "II Trofeo Giorgio Porreca"]
[Site "Napoli ITA"]
[Date "2012.10.10"]
[Round "4"]
[White "Ambrosio, Giuseppe"]
[Black "Caiazzo, Diego"]
[WhiteElo "2084"]
[BlackElo "1845"]
[Result "1-0"]
[PlyCount "89"]
[EventDate "2012.09.20"]

1. d4 e6 2. c4 Nf6 3. Nf3 d5 4. Nc3 c5 5. cxd5 Nxd5 6. e4 Nxc3 7. bxc3 cxd4 8.
cxd4 Be7 9. Bc4 Qa5+ 10. Bd2 Bb4 11. O-O Bxd2 12. Nxd2 O-O 13. Kh1 Nd7 14. Nb3
Qb4 15. Qe2 Nb6 16. Bd3 Bd7 17. f4 f5 18. Rf3 Rae8 19. Raf1 Bc6 20. Rh3 Qe7 21.
Re3 Qf7 22. Nc5 Qf6 23. e5 Qf7 24. Bb5 Nd5 25. Ra3 Ra8 26. Bxc6 bxc6 27. Rb3
Rfb8 28. Qb2 Rxb3 29. Qxb3 a5 30. g3 h6 31. Rb1 Kh7 32. Qb7 Qxb7 33. Rxb7 Re8
34. Kg2 Nb4 35. Ra7 Nxa2 36. Rxa5 Nb4 37. Ra7 Nc2 38. Rd7 Ne3+ 39. Kf3 Nc4 40.
Ke2 Kg8 41. Kd3 Nb2+ 42. Ke2 Nc4 43. Rc7 Na5 44. Kd3 Kf8 45. Ra7 1-0

[Event "II Trofeo Giorgio Porreca"]
[Site "Napoli ITA"]
[Date "2012.10.10"]
[Round "4"]
[White "Avolio, Giovanni"]
[Black "Baltzopoulos, Giorgos"]
[WhiteElo "1899"]
[BlackElo "1941"]
[Result "1-0"]
[PlyCount "101"]
[EventDate "2012.09.20"]

1. c4 Nf6 2. Nc3 g6 3. g3 d5 4. cxd5 Nxd5 5. Bg2 Nb6 6. Nf3 Bg7 7. d3 Nc6 8.
O-O O-O 9. Bd2 h6 10. Qc1 Kh7 11. Ne4 a5 12. Bc3 e5 13. b3 f5 14. Nc5 Qe7 15.
Bb2 Rd8 16. Rb1 Rd5 17. Na4 Nxa4 18. bxa4 Be6 19. Rd1 Nb4 20. d4 Nxa2 21. Qe3
e4 22. Ne1 Nb4 23. f3 exf3 24. Bxf3 Rad8 25. Bxd5 Nxd5 26. Qd2 b6 27. e3 Bc8
28. Ng2 Bb7 29. Re1 Re8 30. Rbd1 h5 31. Bc1 Qd7 32. Qa2 Nc3 33. Qc2 Nxd1 34.
Rxd1 Bc6 35. Qf2 Bxa4 36. Re1 Bc6 37. Nf4 Be4 38. h4 b5 39. Bd2 Ra8 40. Rc1 b4
41. Qe2 b3 42. Bc3 a4 43. Qc4 Bb7 44. d5 Ba6 45. Qc6 Bxc3 46. Qxc3 Rc8 47. Qf6
Qe8 48. Kf2 Bb5 49. Ne6 Qh8 50. Ng5+ Kg8 51. Qf7# 1-0

[Event "II Trofeo Giorgio Porreca"]
[Site "Napoli ITA"]
[Date "2012.10.10"]
[Round "4"]
[White "Baccelliere, Antonio"]
[Black "Taurisano, Vincenzo"]
[WhiteElo "1434"]
[BlackElo "1852"]
[Result "0-1"]
[PlyCount "102"]
[EventDate "2012.09.20"]

1. e4 d6 2. d4 Nf6 3. Nc3 g6 4. Nf3 Bg7 5. Bg5 Bg4 6. Be2 Nbd7 7. Qd2 h6 8. Be3
c6 9. h3 Bxf3 10. Bxf3 Nb6 11. O-O-O Nc4 12. Qd3 Nxe3 13. Qxe3 h5 14. Kb1 Qc7
15. Rhe1 e5 16. dxe5 dxe5 17. Rd3 O-O 18. Red1 a6 19. g4 hxg4 20. hxg4 Rfd8 21.
Qg5 Rxd3 22. Rxd3 b5 23. b4 a5 24. bxa5 b4 25. Nd1 Qxa5 26. Rb3 Qxa2+ 27. Kc1
Qa1+ 28. Rb1 Qd4 29. Qe3 Qd6 30. Be2 Ra3 31. Rb3 Rxb3 32. cxb3 Qd4 33. f3 c5
34. Bc4 Qxe3+ 35. Nxe3 Bh6 36. Kd2 Kf8 37. Kd3 Bxe3 38. Kxe3 Ke7 39. g5 Nd7 40.
f4 f6 41. gxf6+ Kxf6 42. fxe5+ Kxe5 43. Be2 Nf6 44. Bf3 g5 45. Bh1 Nh5 46. Kd3
Nf6 47. Ke3 g4 48. Bg2 Nh5 49. Kd3 Nf4+ 50. Kc4 Nxg2 51. Kxc5 Ne3 0-1

[Event "II Trofeo Giorgio Porreca"]
[Site "Napoli ITA"]
[Date "2012.10.10"]
[Round "4"]
[White "Buonanno, Raffaele"]
[Black "Tesone, Crescenzo"]
[WhiteElo "1437"]
[BlackElo "1832"]
[Result "0-1"]
[PlyCount "104"]
[EventDate "2012.09.20"]

1. d4 Nf6 2. c4 c5 3. d5 b5 4. b3 bxc4 5. bxc4 g6 6. Nc3 Bg7 7. e4 d6 8. Bb2
Nbd7 9. f3 Rb8 10. Rb1 Qa5 11. Qa4 Qxa4 12. Nxa4 O-O 13. Nh3 Ne5 14. Nf2 Ba6
15. Be2 Bxc4 16. Bxc4 Nxc4 17. O-O Nd2 18. Bxf6 Rxb1 19. Rxb1 Nxb1 20. Bxg7
Kxg7 21. g4 Rb8 22. Nd1 Rb4 23. Nac3 Nxc3 24. Nxc3 Rb2 25. h4 Rc2 26. Nb5 Rxa2
27. g5 a6 28. Nc3 Ra3 29. Ne2 Rxf3 30. Kg2 Re3 31. Nf4 Rxe4 32. Nh3 Rxh4 33.
Nf2 Rd4 34. Kf3 a5 35. Ke3 Rxd5 36. Ke4 Re5+ 37. Kd3 Rxg5 38. Kc4 Rf5 39. Nd3
h5 40. Kb5 h4 41. Kxa5 h3 42. Kb6 h2 43. Kc7 c4 44. Nb4 c3 45. Nc6 Rc5 46. Kd7
Rxc6 47. Kxc6 Kf6 48. Kd7 h1=R 49. Kc7 c2 50. Kd7 c1=R 51. Ke8 Ke6 52. Kd8 Rh8#
0-1

[Event "II Trofeo Giorgio Porreca"]
[Site "Napoli ITA"]
[Date "2012.10.10"]
[Round "4"]
[White "Ceglio, Fulvio"]
[Black "Sgammato, Francesco"]
[WhiteElo "1996"]
[BlackElo "1715"]
[Result "0-1"]
[PlyCount "66"]
[EventDate "2012.09.20"]

1. d4 e6 2. c4 d5 3. Nc3 Nf6 4. cxd5 exd5 5. Bg5 Be7 6. Qc2 h6 7. Bh4 O-O 8. e3
b6 9. Bd3 Be6 10. Nf3 Nbd7 11. Bxf6 Bxf6 12. b4 c5 13. bxc5 bxc5 14. O-O a6 15.
Rfd1 c4 16. Be2 Qa5 17. e4 dxe4 18. Nxe4 Bf5 19. Nxf6+ Nxf6 20. Qc1 Rac8 21.
Ne5 c3 22. g4 Bh7 23. f4 Be4 24. Bd3 Bxd3 25. Rxd3 Nd5 26. g5 hxg5 27. fxg5 c2
28. Qf1 Qa4 29. Rc1 Nb4 30. Rh3 Nxa2 31. Qf4 Rc3 32. Rh5 Nxc1 33. Qh4 Qxd4+ 0-1

[Event "II Trofeo Giorgio Porreca"]
[Site "Napoli ITA"]
[Date "2012.10.10"]
[Round "4"]
[White "Colucci, Stefano"]
[Black "Rosato, Luciano"]
[WhiteElo "1871"]
[BlackElo "2229"]
[Result "0-1"]
[PlyCount "62"]
[EventDate "2012.09.20"]

1. e4 d6 2. d4 g6 3. c4 Bg7 4. Nc3 e5 5. Nf3 Nc6 6. d5 Nce7 7. b4 f5 8. c5 Nf6
9. Bb5+ Bd7 10. Bxd7+ Qxd7 11. Ng5 O-O 12. Ne6 Rf7 13. Ng5 Rff8 14. Ne6 Rfe8
15. f3 Kh8 16. Bg5 h6 17. Be3 Nh7 18. Rc1 Nf8 19. Nxg7 Kxg7 20. b5 b6 21. c6
Qd8 22. Qa4 Nh7 23. h4 Nf6 24. Kd2 Qc8 25. Rcg1 a6 26. Qc4 axb5 27. Qxb5 fxe4
28. fxe4 Qg4 29. Qe2 Nxe4+ 30. Kd3 Qxe2+ 31. Nxe2 Nf6 0-1

[Event "II Trofeo Giorgio Porreca"]
[Site "Napoli ITA"]
[Date "2012.10.10"]
[Round "4"]
[White "Cosenza, Gianni"]
[Black "Iodice, Vincenzo"]
[WhiteElo "1957"]
[BlackElo "1673"]
[Result "1-0"]
[PlyCount "47"]
[EventDate "2012.09.20"]

1. e4 e5 2. Nf3 Nc6 3. Bb5 Nf6 4. d3 Bc5 5. O-O d6 6. Nc3 O-O 7. h3 Ne7 8. Bg5
c6 9. Bc4 Ng6 10. Nh4 Nxh4 11. Bxh4 b5 12. Bb3 a5 13. a4 b4 14. Ne2 Qe7 15. Kh1
Be6 16. Ng3 Bxb3 17. cxb3 Qe6 18. Nf5 Rfd8 19. Qc2 Rac8 20. f4 g6 21. Nh6+ Kg7
22. fxe5 Nh5 23. Rxf7+ Kh8 24. Re7 1-0

[Event "II Trofeo Giorgio Porreca"]
[Site "Napoli ITA"]
[Date "2012.10.10"]
[Round "4"]
[White "Di Gennaro, Antonio"]
[Black "Gallo, Thomas Renato"]
[WhiteElo "1666"]
[BlackElo "1893"]
[Result "0-1"]
[PlyCount "48"]
[EventDate "2012.09.20"]

1. e4 c6 2. d4 d5 3. e5 Bf5 4. Nf3 c5 5. Be2 Nc6 6. c3 e6 7. Be3 cxd4 8. Bxd4
Nge7 9. Nh4 Qa5 10. O-O Nxd4 11. Qxd4 Nc6 12. Qe3 Be4 13. b4 Qc7 14. f4 a5 15.
b5 Nxe5 16. Qg3 Nc4 17. Bxc4 dxc4 18. Re1 Bd3 19. a4 Bc5+ 20. Kh1 O-O 21. Nd2
Bd6 22. Rf1 Bxf1 23. Rxf1 Rad8 24. Ne4 Be7 0-1

[Event "II Trofeo Giorgio Porreca"]
[Site "Napoli ITA"]
[Date "2012.10.11"]
[Round "4"]
[White "Esposito, Rosario"]
[Black "Grasso, Nino"]
[WhiteElo "1844"]
[BlackElo "2058"]
[Result "0-1"]
[PlyCount "158"]
[EventDate "2012.09.20"]

1. d4 Nf6 2. c4 c5 3. d5 b5 4. cxb5 a6 5. f3 axb5 6. e4 Qa5+ 7. Bd2 b4 8. Na3
d6 9. Nc4 Qc7 10. Bd3 g6 11. Ne2 Bg7 12. O-O O-O 13. Qc2 Ba6 14. a3 Bxc4 15.
Qxc4 Nbd7 16. axb4 Ne5 17. Qb5 Rab8 18. Qa6 Rb6 19. Qa3 cxb4 20. Qb3 Nfd7 21.
Be3 Nc5 22. Bxc5 Qxc5+ 23. Kh1 Nxd3 24. Qxd3 Bxb2 25. Rab1 Bf6 26. Rb3 Rc8 27.
h3 Qb5 28. Qxb5 Rxb5 29. Rfb1 Rc2 30. Nc1 Rc3 31. Rxc3 Bxc3 32. Kg1 Bd4+ 33.
Kf1 Kg7 34. Ke2 Bc5 35. Nb3 Kf6 36. Kd3 Rb8 37. Ra1 Rb7 38. Kc4 Rc7 39. Ra6
Bf2+ 40. Kxb4 Be1+ 41. Kb5 Rc2 42. Nd4 Rxg2 43. Kc6 Ke5 44. Nb5 Rh2 45. Ra7 Bh4
46. f4+ Kxf4 47. Ra4 Ke5 48. Nd4 Rxh3 49. Kd7 Kxe4 50. Nc6+ Kf5 51. Nd4+ Kf6
52. Nc6 e6 53. Rf4+ Kg7 54. dxe6 fxe6 55. Kxe6 Bg3 56. Rf7+ Kh6 57. Ne7 Be5 58.
Ng8+ Kg5 59. Nf6 Bxf6 60. Rxf6 Re3+ 61. Kf7 d5 62. Rd6 Kh6 63. Rxd5 Rf3+ 64.
Kg8 Rf5 65. Rd7 Rh5 66. Rxh7+ Kg5 67. Rg7 Rh3 68. Kf7 Rf3+ 69. Ke6 Kh5 70. Rh7+
Kg4 71. Ke5 g5 72. Ke4 Rf1 73. Ke3 Kg3 74. Ke2 Rf5 75. Rh1 Kg2 76. Rc1 Re5+ 77.
Kd1 g4 78. Rc2+ Kh3 79. Rf2 g3 0-1

[Event "II Trofeo Giorgio Porreca"]
[Site "Napoli ITA"]
[Date "2012.10.10"]
[Round "4"]
[White "Farina, Walter"]
[Black "De Rosa, Francesco"]
[WhiteElo "1639"]
[BlackElo "1933"]
[Result "0-1"]
[PlyCount "102"]
[EventDate "2012.09.20"]

1. e4 c5 2. Nf3 Nc6 3. d4 cxd4 4. Nxd4 Nf6 5. Nc3 e5 6. Ndb5 d6 7. Nd5 Nxd5 8.
exd5 Nb8 9. c4 Be7 10. Bd3 O-O 11. O-O f5 12. f4 e4 13. Be2 Qb6+ 14. Kh1 Bf6
15. Rb1 Bd7 16. Na3 a5 17. Nc2 Na6 18. Be3 Qc7 19. Bd4 Bxd4 20. Nxd4 Nc5 21. g4
g6 22. h4 e3 23. Bf3 fxg4 24. Bxg4 Qd8 25. Bxd7 Qxh4+ 26. Kg2 Nxd7 27. Ne6 Rf5
28. Rf3 e2 29. Qxe2 Qg4+ 30. Kf2 Rh5 31. Ke3 Ne5 32. Rf2 Rh3+ 33. Kd2 Nf3+ 34.
Kc2 Qf5+ 35. Kc1 Rh1+ 36. Rf1 Rxf1+ 37. Qxf1 Qe4 38. b3 Qxb1+ 39. Kxb1 Nd2+ 40.
Kc2 Nxf1 41. a3 Rc8 42. Kd3 Ng3 43. b4 axb4 44. axb4 b6 45. Kd4 Nf5+ 46. Kd3 h5
47. Ng5 Ra8 48. c5 bxc5 49. bxc5 dxc5 50. Kc4 Ra5 51. Ne6 Ne3+ 0-1

[Event "II Trofeo Giorgio Porreca"]
[Site "Napoli ITA"]
[Date "2012.10.10"]
[Round "4"]
[White "Lettieri, Giuseppe"]
[Black "Esposito, Luca"]
[WhiteElo "2370"]
[BlackElo "2256"]
[Result "1/2-1/2"]
[PlyCount "92"]
[EventDate "2012.09.20"]

1. d4 Nf6 2. c4 c5 3. d5 b5 4. cxb5 a6 5. f3 axb5 6. e4 Qa5+ 7. Bd2 b4 8. Na3
d6 9. Nc4 Qc7 10. a3 bxa3 11. Rxa3 Rxa3 12. bxa3 Nbd7 13. Ne2 g6 14. Nc3 Ba6
15. Qa4 Bxc4 16. Bxc4 Bg7 17. Qa8+ Qd8 18. Qxd8+ Kxd8 19. Na4 Kc7 20. Ba5+ Kb7
21. Bb5 Ka7 22. Nc3 Rb8 23. a4 Nb6 24. Ke2 Ne8 25. Bxe8 Bxc3 26. Bxc3 Rxe8 27.
a5 Nd7 28. h4 e6 29. dxe6 Rxe6 30. h5 d5 31. hxg6 hxg6 32. Rh7 dxe4 33. Rxf7
exf3+ 34. Kxf3 Rd6 35. Ke4 Ka6 36. Rg7 Nf6+ 37. Ke5 Rd3 38. Bb2 Rd2 39. Ba3
Ng4+ 40. Kf4 Rxg2 41. Kf3 Ra2 42. Bxc5 Rxa5 43. Rxg6+ Kb7 44. Rg7+ Kc6 45. Bb4
Ne5+ 46. Ke4 Ra4 1/2-1/2

[Event "II Trofeo Giorgio Porreca"]
[Site "Napoli ITA"]
[Date "2012.10.10"]
[Round "4"]
[White "Messina, Enrico"]
[Black "Somma, Andrea"]
[WhiteElo "2219"]
[BlackElo "1863"]
[Result "1-0"]
[PlyCount "61"]
[EventDate "2012.09.20"]

1. e4 d5 2. exd5 Qxd5 3. Nf3 Nf6 4. Be2 c6 5. O-O Bf5 6. d4 e6 7. c4 Qa5 8. Nc3
Bb4 9. Nh4 Bxc3 10. Nxf5 exf5 11. bxc3 Ne4 12. Qb3 Qb6 13. Qc2 Qa5 14. Bf3 Qxc3
15. Bxe4 Qxa1 16. Bxf5 O-O 17. Be3 Qxf1+ 18. Kxf1 g6 19. Bh6 Rd8 20. Qe4 Nd7
21. Qe7 Re8 22. Qxd7 Rad8 23. Qc7 Rxd4 24. Be3 Rxc4 25. Bd3 Rc3 26. Ke2 b5 27.
Qxa7 Rd8 28. Bd4 Rc1 29. Kd2 Rh1 30. Bf6 Re8 31. Be4 1-0

[Event "II Trofeo Giorgio Porreca"]
[Site "Napoli ITA"]
[Date "2012.10.10"]
[Round "4"]
[White "Solombrino, Giovanni"]
[Black "Seletsky, Grigory"]
[WhiteElo "1838"]
[BlackElo "2348"]
[Result "0-1"]
[PlyCount "120"]
[EventDate "2012.09.20"]

1. e4 Nf6 2. e5 Nd5 3. d4 d6 4. Nf3 g6 5. Bc4 Nb6 6. Bb3 d5 7. O-O Bg4 8. h3
Bxf3 9. Qxf3 e6 10. Be3 N8d7 11. Nd2 Bg7 12. c4 c6 13. Rac1 O-O 14. Qe2 a5 15.
a3 a4 16. Ba2 Ra5 17. Nf3 Nxc4 18. Bxc4 dxc4 19. Qxc4 Nb6 20. Qc2 Nd5 21. Nd2
f5 22. exf6 Qxf6 23. Nc4 Ra7 24. Ne5 Qe7 25. Nd3 Qd6 26. Qc5 Qxc5 27. Nxc5 Re8
28. Nd3 e5 29. dxe5 Nxe3 30. fxe3 Bxe5 31. Nxe5 Rxe5 32. Rf3 Ra8 33. Rd1 Rae8
34. Kf2 Rb5 35. Rd2 h5 36. Rf4 Rf8 37. Kf3 g5 38. Rxf8+ Kxf8 39. g4 h4 40. Ke4
Ke7 41. Rd4 Rxb2 42. Rxa4 Ke6 43. Ra5 b5 44. Ra6 Rc2 45. Ra8 Rc4+ 46. Kf3 Kd6
47. Rg8 Rc5 48. Ke4 Re5+ 49. Kd3 Rd5+ 50. Ke4 Kc5 51. Rf8 Kc4 52. Rf5 Rd3 53.
Rxg5 Rxa3 54. Rg6 Ra6 55. g5 b4 56. Rf6 b3 57. g6 b2 58. Rf1 c5 59. Kf5 Ra1 60.
g7 Rxf1+ 0-1

[Event "II Trofeo Giorgio Porreca"]
[Site "Napoli ITA"]
[Date "2012.10.10"]
[Round "4"]
[White "Sparice, Lorenzo"]
[Black "Di Meo, Antonio"]
[WhiteElo "1469"]
[BlackElo "1928"]
[Result "0-1"]
[PlyCount "94"]
[EventDate "2012.09.20"]

1. e4 c6 2. Nc3 d5 3. Nf3 d4 4. Ne2 c5 5. c3 dxc3 6. Nxc3 g6 7. d4 cxd4 8. Bb5+
Bd7 9. Qxd4 Nf6 10. Ne5 Nc6 11. Bxc6 Bxc6 12. Nxc6 bxc6 13. Qxd8+ Rxd8 14. O-O
Bg7 15. Rd1 O-O 16. Be3 Rb8 17. Bxa7 Rxb2 18. Rab1 Rxb1 19. Rxb1 Rd8 20. Rb8
Rxb8 21. Bxb8 Nd7 22. Ne2 Nxb8 23. Kf1 Na6 24. Ke1 Nb4 25. a4 Nd3+ 26. Kf1 Nc5
27. a5 Kf8 28. f4 Bb2 29. e5 Ke8 30. Ke1 Kd7 31. Kd2 Na6 32. Kc2 Ba3 33. Nc1
Bxc1 34. Kxc1 c5 35. Kc2 Kc6 36. h4 Kb5 37. g4 Kxa5 38. h5 Nb4+ 39. Kc3 Kb5 40.
hxg6 hxg6 41. f5 gxf5 42. g5 Nc6 43. e6 Ne5 44. exf7 Nxf7 45. g6 Nh6 46. g7 e5
47. Kd3 Kb4 0-1

[Event "II Trofeo Giorgio Porreca"]
[Site "Napoli ITA"]
[Date "2012.10.10"]
[Round "4"]
[White "Vannini, Aldo"]
[Black "Zinnai, Graziano Matteo"]
[WhiteElo "1778"]
[BlackElo "2008"]
[Result "0-1"]
[PlyCount "70"]
[EventDate "2012.09.20"]

1. d4 Nf6 2. Nf3 g6 3. c4 Bg7 4. Nc3 O-O 5. e3 d6 6. Be2 Nbd7 7. O-O Re8 8. Qc2
e5 9. dxe5 dxe5 10. e4 c6 11. Bg5 h6 12. Be3 Ng4 13. Bd2 a5 14. h3 Ngf6 15. Be3
Qe7 16. Rfd1 Nc5 17. a3 Nh5 18. Qc1 Nf4 19. Bf1 Be6 20. Qc2 f5 21. Bxc5 Qxc5
22. g3 Nh5 23. Na4 Qe7 24. Bd3 Qf7 25. Nc5 Bc8 26. Kh2 f4 27. g4 Nf6 28. Na4 h5
29. Ng5 Qe7 30. Rg1 Nxg4+ 31. hxg4 Qxg5 32. f3 Qh4+ 33. Kg2 Qg3+ 34. Kf1 Qxf3+
35. Ke1 Bxg4 0-1

[Event "II Trofeo Giorgio Porreca"]
[Site "Napoli ITA"]
[Date "2012.10.18"]
[Round "5"]
[White "Auletta, Angelo"]
[Black "Messina, Enrico"]
[WhiteElo "2190"]
[BlackElo "2219"]
[Result "1/2-1/2"]
[PlyCount "98"]
[EventDate "2012.09.20"]

1. e4 c5 2. Nf3 d6 3. d4 cxd4 4. Nxd4 Nf6 5. Nc3 g6 6. Be3 Bg7 7. f3 O-O 8. Bc4
Nc6 9. Qd2 Bd7 10. O-O-O Nxd4 11. Bxd4 Rc8 12. Bb3 b5 13. Nd5 Nxd5 14. Bxg7
Kxg7 15. exd5 a5 16. a3 b4 17. axb4 axb4 18. Qxb4 Kg8 19. Rd4 Rc5 20. Re1 Re8
21. Kd1 Qc7 22. Qd2 Qa7 23. Re3 Qa1+ 24. Qc1 Qa6 25. Ke1 Ra5 26. Rd1 e5 27.
dxe6 Bxe6 28. Qd2 Re5 29. Rxe5 dxe5 30. Bxe6 Rxe6 31. Qe3 Kg7 32. c3 Qa2 33.
Rd2 h5 34. Kf2 Qb3 35. Qc5 Qa4 36. c4 Qa2 37. Re2 h4 38. Qd5 h3 39. gxh3 Qb1
40. Ke3 Qc1+ 41. Rd2 Qe1+ 42. Kd3 e4+ 43. fxe4 Qb1+ 44. Rc2 Qf1+ 45. Kc3 Qe1+
46. Qd2 Qf1 47. Qd4+ Kh7 48. Qd3 Qe1+ 49. Qd2 Qxe4 1/2-1/2

[Event "II Trofeo Giorgio Porreca"]
[Site "Napoli ITA"]
[Date "2012.10.18"]
[Round "5"]
[White "Baltzopoulos, Giorgos"]
[Black "Accardo, Francesco"]
[WhiteElo "1941"]
[BlackElo "1844"]
[Result "1-0"]
[PlyCount "55"]
[EventDate "2012.09.20"]

1. e4 b6 2. d4 Bb7 3. Bd3 e6 4. Nf3 Be7 5. O-O d6 6. Nc3 Nd7 7. Re1 a6 8. Bf4
c5 9. a4 cxd4 10. Na2 e5 11. Bg3 h5 12. h3 g5 13. c3 g4 14. hxg4 hxg4 15. Nh2
Bh4 16. Qxg4 Bf6 17. cxd4 Qe7 18. Rac1 Bg5 19. Rc7 Nh6 20. Rxd7 Qxd7 21. Qxg5
f6 22. Qxf6 Nf7 23. Bc4 Rf8 24. Nc3 Qc7 25. Nd5 Bxd5 26. Bxd5 Rc8 27. Qe6+ Kd8
28. Bh4+ 1-0

[Event "II Trofeo Giorgio Porreca"]
[Site "Napoli ITA"]
[Date "2012.10.18"]
[Round "5"]
[White "Borrelli, Salvatore"]
[Black "Miccoli, Livio"]
[WhiteElo "1937"]
[BlackElo "1616"]
[Result "1-0"]
[PlyCount "103"]
[EventDate "2012.09.20"]

1. d4 Nf6 2. c4 d6 3. Nf3 g6 4. Nc3 Bg7 5. e4 O-O 6. Bg5 c5 7. d5 Re8 8. Bd3
Bg4 9. O-O Nbd7 10. Be2 Nb6 11. Nd2 Bxe2 12. Qxe2 Nfd7 13. a4 a6 14. a5 Nc8 15.
f4 Qc7 16. Qg4 Rb8 17. e5 dxe5 18. f5 Nf6 19. Qh4 Nd6 20. fxg6 fxg6 21. g4 Nf7
22. Be3 Nd6 23. Nf3 Nf7 24. Ng5 Nxg5 25. Bxg5 Rf8 26. h3 Rf7 27. Be3 Rbf8 28.
Qg3 Nd7 29. Rxf7 Rxf7 30. Ne4 h6 31. Bd2 Nf6 32. Nc3 Qd6 33. Re1 e6 34. dxe6
Qxe6 35. b3 Re7 36. Be3 Qc6 37. Qf2 Nd7 38. Nd5 Re8 39. Qh4 g5 40. Qh5 Nf6 41.
Nxf6+ Bxf6 42. Qg6+ Kf8 43. Qxh6+ Ke7 44. Bxg5 Qf3 45. Bxf6+ Qxf6 46. Qxf6+
Kxf6 47. Rd1 e4 48. Rd5 Re5 49. Rxe5 Kxe5 50. g5 Kf5 51. h4 Kg6 52. Kf2 1-0

[Event "II Trofeo Giorgio Porreca"]
[Site "Napoli ITA"]
[Date "2012.10.18"]
[Round "5"]
[White "Caiazzo, Diego"]
[Black "Gonzini, Gianmaria"]
[WhiteElo "1845"]
[BlackElo "1874"]
[Result "1-0"]
[PlyCount "125"]
[EventDate "2012.09.20"]

1. Nf3 Nf6 2. b3 d6 3. Bb2 e5 4. g3 g6 5. Bg2 Bg7 6. O-O c6 7. c4 Nbd7 8. Nc3
O-O 9. e3 a6 10. Qc2 Re8 11. d3 Rb8 12. Nd2 Qc7 13. Nce4 Nxe4 14. Nxe4 f5 15.
Nd2 Nf6 16. Rac1 b6 17. Rfe1 Bb7 18. d4 e4 19. b4 Rbc8 20. c5 bxc5 21. bxc5 d5
22. Rb1 Rb8 23. Bc3 Bc8 24. Rxb8 Qxb8 25. Rb1 Qa8 26. Ba5 Re7 27. Bf1 Rb7 28.
Rxb7 Qxb7 29. Qb3 Kf7 30. Qxb7+ Bxb7 31. Nb3 Ke6 32. a4 Kd7 33. Bb6 Kc8 34. Be2
h5 35. Nd2 Bh6 36. Nb1 g5 37. Na3 f4 38. Nc2 h4 39. Ba5 hxg3 40. hxg3 fxg3 41.
fxg3 Kb8 42. Nb4 Ng8 43. Nxa6+ Ka8 44. Nc7+ Kb8 45. Ne8 g4 46. Kf2 Bc8 47. Bc7+
Ka7 48. Nd6 Be6 49. a5 Ne7 50. Ne8 Nf5 51. Bf4 Bxf4 52. gxf4 g3+ 53. Kg2 Nxe3+
54. Kxg3 Nf5+ 55. Kf2 Nxd4 56. Ke3 Nb3 57. Ng7 Bf7 58. Nf5 Nxc5 59. Nd6 Bg8 60.
f5 Nd7 61. Nc8+ Kb7 62. Ne7 Bh7 63. a6+ 1-0

[Event "II Trofeo Giorgio Porreca"]
[Site "Napoli ITA"]
[Date "2012.10.18"]
[Round "5"]
[White "Cosenza, Gianni"]
[Black "Ambrosio, Giuseppe"]
[WhiteElo "1957"]
[BlackElo "2084"]
[Result "0-1"]
[PlyCount "118"]
[EventDate "2012.09.20"]

1. e4 c5 2. Nf3 Nc6 3. Bb5 g6 4. Bxc6 dxc6 5. d3 Bg7 6. h3 e5 7. Be3 b6 8. Nc3
Ne7 9. Qd2 h6 10. O-O-O Be6 11. g4 g5 12. Kb1 Ng6 13. Ne2 Nf4 14. Rh2 Qf6 15.
Nfg1 h5 16. gxh5 Rxh5 17. Ng3 Rh7 18. N3e2 O-O-O 19. a4 Rdh8 20. a5 Kb7 21. Ng3
g4 22. h4 Rxh4 23. Rxh4 Rxh4 24. b4 c4 25. dxc4 Rh8 26. b5 Rc8 27. Qd6 Bf8 28.
bxc6+ Ka8 29. Qd2 Rxc6 30. axb6 axb6 31. Qd8+ Qxd8 32. Rxd8+ Rc8 33. Rxc8+ Bxc8
34. Bxb6 Ba6 35. c5 Kb7 36. Nf5 Kc6 37. Kc1 Bxc5 38. Bxc5 Kxc5 39. Kd2 Bc4 40.
f3 Nh3 41. Nxh3 gxh3 42. Ke1 Kb4 43. Kf2 Be6 44. Ne3 Kc3 45. Kg3 Kd2 46. Ng4
Bxg4 47. fxg4 Kxc2 48. Kxh3 Kd3 49. g5 Kxe4 50. Kg4 Kd5 51. Kf5 e4 52. Kf6 e3
53. Kxf7 e2 54. g6 e1=Q 55. g7 Qf2+ 56. Ke7 Qg3 57. Kf7 Qf4+ 58. Ke7 Qg5+ 59.
Kf8 Qf6+ 0-1

[Event "II Trofeo Giorgio Porreca"]
[Site "Napoli ITA"]
[Date "2012.10.18"]
[Round "5"]
[White "De Meo, Guido"]
[Black "Buonanno, Raffaele"]
[WhiteElo "1816"]
[BlackElo "1437"]
[Result "1-0"]
[PlyCount "79"]
[EventDate "2012.09.20"]

1. d4 Nf6 2. g3 g6 3. Bg2 Bg7 4. Nf3 d6 5. O-O O-O 6. c4 Nc6 7. d5 Na5 8. Na3
c6 9. Nd4 cxd5 10. cxd5 b6 11. e4 Ba6 12. Re1 e5 13. dxe6 Bb7 14. exf7+ Rxf7
15. Ne6 Qe7 16. Nxg7 Kxg7 17. Bf4 Nxe4 18. Bxe4 Bxe4 19. Qd4+ Rf6 20. Qxe4 Qxe4
21. Rxe4 d5 22. Rd4 Rd8 23. Be5 Nc6 24. Bxf6+ Kxf6 25. Rd2 Ke5 26. Re1+ Kd6 27.
Nb5+ Kc5 28. Nc3 Kd6 29. Rxd5+ Kc7 30. Rxd8 Kxd8 31. Rd1+ Kc7 32. Nd5+ Kb7 33.
Nf4 Nb4 34. a3 Nc6 35. Rd7+ Ka6 36. Rxh7 Ne5 37. Re7 Nf3+ 38. Kg2 Ng5 39. h4
Ne4 40. Rxe4 1-0

[Event "II Trofeo Giorgio Porreca"]
[Site "Napoli ITA"]
[Date "2012.10.18"]
[Round "5"]
[White "Di Meo, Antonio"]
[Black "Esposito, Rosario"]
[WhiteElo "1928"]
[BlackElo "1844"]
[Result "1-0"]
[PlyCount "71"]
[EventDate "2012.09.20"]

1. b3 e5 2. Bb2 Nc6 3. e3 d5 4. Bb5 Bd6 5. f4 f6 6. Nf3 Qe7 7. fxe5 fxe5 8. O-O
Nf6 9. c4 Bd7 10. cxd5 Nxd5 11. Nc3 Nxc3 12. Bxc3 O-O-O 13. e4 Bc5+ 14. Kh1 Nd4
15. Bxd4 Bxb5 16. Bxc5 Qxc5 17. Rc1 Qe7 18. Re1 Rd3 19. Qc2 Rhd8 20. a4 Be8 21.
b4 Bh5 22. Re3 Rxe3 23. dxe3 Bxf3 24. gxf3 Rf8 25. Qg2 Rf7 26. b5 Qa3 27. Qg4+
Kb8 28. Rd1 Qe7 29. a5 Rf8 30. Rd7 Qe8 31. b6 axb6 32. axb6 cxb6 33. Qxg7 Ka8
34. Rxb7 Qc8 35. Rc7 Qd8 36. Ra7+ 1-0

[Event "II Trofeo Giorgio Porreca"]
[Site "Napoli ITA"]
[Date "2012.10.18"]
[Round "5"]
[White "Gallo, Thomas Renato"]
[Black "Avolio, Giovanni"]
[WhiteElo "1893"]
[BlackElo "1899"]
[Result "1-0"]
[PlyCount "77"]
[EventDate "2012.09.20"]

1. d4 Nf6 2. Nc3 g6 3. e4 d6 4. Nf3 Bg7 5. Bf4 O-O 6. Qd2 Bg4 7. Be2 Na6 8. Bh6
c5 9. Bxg7 Kxg7 10. h3 Bxf3 11. Bxf3 e5 12. d5 Qa5 13. Be2 Nc7 14. g4 b5 15. g5
Nh5 16. Bxh5 gxh5 17. f4 f5 18. Rf1 b4 19. Ne2 exf4 20. Qxf4 fxe4 21. Qxd6
Rxf1+ 22. Kxf1 Rf8+ 23. Kg2 Qb6 24. Qe5+ Kg8 25. Nf4 Re8 26. Qf5 Qd6 27. Nxh5
Nxd5 28. Qxd5+ Qxd5 29. Nf6+ Kg7 30. Nxd5 Re5 31. Ne3 Rxg5+ 32. Kf2 Kf7 33. Rd1
Ke7 34. Rd5 Rxd5 35. Nxd5+ Ke6 36. c4 bxc3 37. Nxc3 Ke5 38. Ke3 h5 39. Nxe4 1-0

[Event "II Trofeo Giorgio Porreca"]
[Site "Napoli ITA"]
[Date "2012.10.18"]
[Round "5"]
[White "Grasso, Nino"]
[Black "Lettieri, Giuseppe"]
[WhiteElo "2058"]
[BlackElo "2370"]
[Result "0-1"]
[PlyCount "150"]
[EventDate "2012.09.20"]

1. e4 e5 2. Nf3 Nc6 3. Bc4 Bc5 4. c3 Nf6 5. d4 exd4 6. cxd4 Bb4+ 7. Nc3 Nxe4 8.
O-O Bxc3 9. d5 Ne5 10. bxc3 Nxc4 11. Qd4 O-O 12. Qxe4 Nd6 13. Qd3 Qf6 14. Bg5
Qf5 15. Qd4 b6 16. Be7 Re8 17. Rfe1 Ba6 18. Re5 Qd3 19. Qg4 f6 20. Bxf6 Qg6 21.
Qxg6 hxg6 22. Be7 Bc4 23. Rae1 Nf7 24. R5e3 Bxa2 25. Nh4 Kh7 26. Rd1 a5 27. f4
Nh6 28. d6 c5 29. Rg3 Bf7 30. Rf1 Ng8 31. Re1 Nxe7 32. dxe7 b5 33. f5 Ra6 34.
Re5 g5 35. Rxg5 d5 36. Ng6 Bxg6 37. fxg6+ Rxg6 38. Rh5+ Kg8 39. Rhf5 b4 40.
cxb4 cxb4 41. Rxd5 Rxe7 42. Rxa5 Rb6 43. Ra8+ Kh7 44. Ra1 b3 45. Rb1 b2 46. Rf2
Reb7 47. Kf1 Kg6 48. h3 Rb3 49. Kg1 R7b6 50. Kh2 Kg5 51. g3 R6b4 52. Kg2 Kh5
53. Rf5+ Kh6 54. Rf2 g6 55. Kh2 Kg5 56. Kg2 Rb5 57. Kh2 Kh5 58. Kg2 Rg5 59. Rf3
Rxf3 60. Kxf3 Rb5 61. Kf2 Rb3 62. Kg2 Kg5 63. Kf2 Kf5 64. Kg2 Ke4 65. h4 Kd3
66. Kh3 Kc2 67. Rxb2+ Kxb2 68. Kg4 Rb5 69. Kf4 Kc3 70. g4 Kd4 71. g5 Rb1 72. h5
Rf1+ 73. Kg4 Rg1+ 74. Kf4 gxh5 75. Kf5 h4 0-1